000 00393nam a2200157Ia 4500
008 230917s9999||||xx |||||||||||||| ||und||
040 _e115150
_aMAIN
041 _aEnglish
082 _a660.60243637 J595E
100 _aJogdand, S N
245 0 _aEnvironmentel Biotechnology
250 _a3rd ed.
260 _aMumbai
_bHimalaya Publishing House
_c2006
300 _a279 p.
942 _cBK
999 _c141510
_d141510